000 00437nam a2200181Ia 4500
001 17165
005 20260306170405.0
008 260306t2004||||xx |||||||||||||| ||und||
041 _aESP
082 _a657.48
_bG84 2004
100 _aGuajardo Cantú, Gerardo
_eAUT
245 0 _aContabilidad financiera
260 _c2004
300 _axiii, 550 páginas :
_c27 cm.
650 _aGEN
654 _aCCO
942 _cLIB
_dJUS
_fJUS
_2ddc
_n
999 _c17165
_d17165